| 000 | 00461nam a2200169Ia 4500 | ||
|---|---|---|---|
| 005 | 20250326125659.0 | ||
| 008 | 250326s9999 xx 000 0 und d | ||
| 037 | _aTextbook | ||
| 040 |
_aFMSL _beng _cFMSL |
||
| 041 |
_aeng _2eng |
||
| 084 |
_aX;8J.53 L3 _qFMSL |
||
| 245 | 0 | _aStatutory audit requirements in France | |
| 260 |
_aUnited Kingdom _bUnited Kingdom _c1973 |
||
| 300 | _a58p | ||
| 942 |
_cTB _hX;8J.53 L3 |
||
| 999 |
_c1279093 _d1279093 |
||